| 000 | 01098nam2a2200205 4500 | ||
|---|---|---|---|
| 001 | RU\NLR\PER_A\012317528_000050 | ||
| 005 | 20250624044754.0 | ||
| 035 | _a(NLR Aleph) 012481691 | ||
| 090 |
_a12133482 _c12133482 |
||
| 100 | _a20210322d2020 |||y0rusy50 ca | ||
| 101 | 0 | _arus | |
| 102 | _aRU | ||
| 200 | 0 | _aТ. 2, № 3 | |
| 210 |
_d2020 _aБ. м. |
||
| 461 | 0 |
_1001RU\NLR\BIBL_A\012317528 _12001#$aВизуализация в медицине$dVisualization in medicine$eрецензируемый научно-практический журнал$eнаучно-практический журнал для врачей$zeng$vТ. 2, № 3 _911404085 _cСанкт-Петербург _d2020 - _lVisualization in medicine _nФГБОУ ВО СПбГПМУ Минздрава России _oрецензируемый научно-практический журнал : научно-практический журнал для врачей _tВизуализация в медицине _x2658-6606 _vТ. 2, № 3 |
|
| 852 |
_aNLR _jП17/1842 |
||
| 942 | _cISSUE | ||
| 980 | _aNB | ||
| 980 | _aRUSPER | ||